| 000 | 00809cam a22002777a 4500 | ||
|---|---|---|---|
| 001 | 26761 | ||
| 003 | BD-RjUL | ||
| 005 | 20211209051050.0 | ||
| 008 | 140323s1952 mnub a s001 0 eng d | ||
| 035 | _a(BD-RjUL)26832 | ||
| 040 |
_aDLC _cDLC _dBD-RjUL _beng |
||
| 041 | _aeng | ||
| 082 |
_a954.09 _bLEF 1952 |
||
| 100 | 1 |
_aLevi, Werner, _d1912-2005. _982232 |
|
| 245 | 1 | 0 |
_aFree India in Asia / _cby Werner Levi. |
| 260 |
_aMinneapolis : _bUniversity of Minnesota, _cc1952. |
||
| 300 |
_a[8] 161 p. : _bmap ; _c22 cm. |
||
| 500 | _aIncludes index. | ||
| 650 |
_aIndia _982233 |
||
| 651 | 0 |
_aIndia _xForeign relations _zAsia. _982234 |
|
| 651 | 0 |
_aAsia _xForeign relations _zIndia. _982235 |
|
| 830 | 0 |
_vitem 08279. _982245 |
|
| 942 |
_2ddc _cBK |
||
| 999 |
_c26761 _d26761 |
||